000 00837cam a2200277 a 4500
005 20260322212036.0
008 data
010 _a 96006955
020 _a0684802309
020 _a9780684802305
040 _aDLC
_cDLC
_dDLC
043 _an-us---
050 0 0 _aE886.2
_b.S74 1996
082 0 0 _a973.929/092
_220
092 _a973.929 S74 1996
100 1 _aStewart, James B.
245 1 0 _aBlood sport :
_bthe president and his adversaries /
_cJames B. Stewart.
260 _aNew York :
_bSimon & Schuster,
_cc1996.
300 _a479 p. :
_bill. ;
_c25 cm.
504 _aIncludes bibliographical references (p. 455-459) and index.
600 1 0 _aClinton, Bill,
_d1946-
600 1 0 _aClinton, Hillary Rodham.
650 0 _aWhitewater Inquiry, 1993-2000.
651 0 _aUnited States
_xPolitics and government
_y1993-2001.
001 data
999 _c853
_d853